[Event "Oruro Baptista Memorial"]
[Site "Oruro"]
[Date "2023.11.05"]
[Round "9"]
[White "Espinoza Coca, Laura"]
[Black "Caba, Edgar"]
[Result "0-1"]
[WhiteElo "1400"]
[BlackElo "1866"]
[PlyCount "80"]
[EventDate "2023.11.01"]
[EventType "swiss"]
[EventRounds "9"]
[EventCountry "BOL"]
[SourceTitle "CBM 217 Extra"]
[Source "ChessBase"]
[SourceDate "2024.01.31"]
[SourceVersion "1"]
[SourceVersionDate "2024.01.31"]
[SourceQuality "1"]

1. e4 e5 2. Nf3 Nf6 3. Nc3 Bb4 4. d3 d5 5. exd5 Nxd5 6. Bd2 Nc6 7. Nxd5 Bxd2+ 8. Qxd2 Qxd5 9. Be2 b6 10. a3 0-0 11. 0-0 Bb7 12. c4 Qd6 13. Rfe1 h6 14. Bf1 Na5 15. Qe3 Rfe8 16. Nd2 Nc6 17. Ne4 Qg6 18. Rac1 Nd4 19. Kh1 Rad8 20. Nc3 c5 21. b4 f5 22. Qg3 Qf6 23. f4 e4 24. Nd5 Bxd5 25. cxd5 Kh8 26. dxe4 fxe4 27. bxc5 Rxd5 28. cxb6 axb6 29. Qe3 Rc5 30. Bd3 Nf5 31. Qe2 Qh4 32. Kg1 Rxc1 33. Rxc1 Qxf4 34. Re1 Qd6 35. Bxe4 Qd4+ 36. Kh1 Nd6 37. Qc2 Rxe4 38. Rd1 Qe5 39. Qd2 Re2 40. Qb4 Qe4 0-1

[Event "American Continental 09th"]
[Site "Cochabamba"]
[Date "2013.05.08"]
[Round "2"]
[White "Caba, Edgar"]
[Black "Herrera, Fernando"]
[Result "0-1"]
[WhiteElo "1861"]
[BlackElo "2086"]
[PlyCount "64"]
[EventDate "2013.05.07"]
[EventType "swiss"]
[EventRounds "11"]
[EventCountry "BOL"]
[SourceTitle "CBM 154 Extra"]
[Source "ChessBase"]
[SourceDate "2013.06.25"]
[SourceVersion "2"]
[SourceVersionDate "2013.06.25"]
[SourceQuality "1"]

1. e4 c5 2. Nf3 e6 3. d3 Nc6 4. g3 g6 5. Bg2 Bg7 6. 0-0 Nge7 7. Re1 0-0 8. Nbd2 Qc7 9. Qe2 b6 10. Nf1 d6 11. c3 Ba6 12. Be3 d5 13. Qd2 Rad8 14. e5 Nxe5 15. Nxe5 Bxe5 16. Bh6 Bg7 17. Bxg7 Kxg7 18. Ne3 d4 19. Ng4 Ng8 20. c4 Bc8 21. a4 f6 22. h4 e5 23. Nh2 Ne7 24. a5 Nc6 25. axb6 axb6 26. Bxc6 Qxc6 27. b4 Bb7 28. f3 h5 29. b5 Qc8 30. Ra7 Rf7 31. Kg2 Bxf3+ 32. Nxf3 Rxa7 0-1